Interventions Américaines depuis 1945 - Statistiques

Statistiques générales
  • Ce quiz a été pris 29 fois
    3 depuis la dernière actualisation
  • Le résultat moyen est 35 sur 50
Statistiques - réponses
Année Pays/Guerre Notes % Correct
1979 Afghanistan Armement par la CIA des moudjahidines afghans de divers groupes pour la guerre contre l'URSS.
100%
2001 - 2021 Afghanistan Opération Enduring Freedom
100%
2015 Afghanistan Bombardement du centre de soin de MSF à Kondôz
100%
1973 Chili Encouragement au coup d'Etat d'Augusto Pinochet
100%
1961 Cuba Echec du débarquement de la baie des cochons
100%
2026 Guerre d'Iran Guerre au Moyen-Orient
100%
1961 - 1973 Guerre du Vietnam Suite de la guerre d'Indochine
100%
1994 Haïti Opération Uphold democraty pour instituer le président Jean-Bertrand Aristide
100%
2004 Haïti Coup d'Etat pour destituer le président Jean-Bertrand Aristide
100%
1996 - 1998 Interventions en Irak Interventions multiples au Moyen-Orient
100%
1990 - 1991 Irak Guerre du Golfe
100%
2024 Irak / Syrie Bombardements américains au Moyen-Orient
100%
1953 Iran Coup d'Etat contre le premier ministre Mohammad Mossadegh
100%
1986 - 1988 Iran Opérations diverses contre ce pays
100%
2025 Iran Frappes américaines sur les sites nucléaires
100%
2020 Iran (en Irak) Attaque aérienne de l'aéroport de Bagdad
100%
2023 - Présent Israël / Palestine Soutien militaire à un Etat dans son action de génocide
100%
2025 mer des Caraïbes Frappes sur des navires en mer des Caraïbes
100%
1981-1988 Nicaragua Soutien à la lutte des contras contre le pouvoir sandiniste
100%
2004 - 2018 Pakistan Attaques américaines dans le cadre de la guerre d'Afghanistan
100%
2011 Pakistan Raid contre Oussama Ben-Laden
100%
1999 Serbie, Monténégro, Kosovo Guerre dans les Balkans
100%
1998 Soudan et Afghanistan Bombardement d'une usine de médicament et de camps de formations contre Ben Laden
100%
2014 - 2019 Syrie Guerre contre l'Etat Islamique
100%
2018 Syrie Bombardement de Barzé et de Him Shinshar
100%
2026 Venezuela Bombardement de Caracas et capture du président Nicolas Maduro
100%
2017 Yémen Raid de Yakla
100%
2024 Yémen Frappes de 2024-2025 contre le mouvement houthiste
100%
1992 -1995 Bosnie-Herzégovine Intervention de l'OTAN dans les Balkans
67%
1964 Brésil Soutien au renversement du gouvernement par la junte militaire
67%
1950-1953 Guerre de Corée Péninsule asiatique
67%
1958 Indonésie Soutien à un mouvement de guérilla contre le pouvoir de Soekarno
67%
1980-1990 Salvador Aide militaire au gouvernement et aux escadrons de la mort pour chasser la guérilla
67%
2006 - Présent Somalie Bombardements anti Al-Qaïda
67%
1947 Grèce Soutien au régime royaliste dans la guerre civile
33%
1954 Guatemala Coup d'Etat après une réforme agraire nuisant aux intérêts de la United Fruit Company
33%
1960 - 1996 Guatemala Guerre civile qui voit l'intervention américaine du côté du pouvoir pour défendre le pouvoir mis en place après le coup d'Etat de 1954
33%
1958 Liban Crise politique qui voit l'intervention de l'armée américaine
33%
1986 Lybie Bombardement à la suite d'attentats contre des soldats américains
33%
1964 Panama Intervention après des manifestations anti-américaines liées à la souveraineté d'un canal maritime
33%
1989 Panama Invasion du pays et renversement de Manuel Noriega
33%
1989 Philippines Soutien au gouvernement contre un coup d'Etat
33%
2001 - 2019 Philippines Opération Enduring Freedom
33%
1970 Cambodge Campagne dans le cadre de la guerre du Vietnam
0%
1983 Grenade Invasion
0%
2003 - 2011 Guerre d'Irak Opération de la "Guerre contre la terreur"
0%
1988 Honduras Opération contre les sandinistes du Nicaragua
0%
2011 Libye Intervention militaire de l'OTAN suite au Printemps Arabes
0%
2025 Nigeria Bombardement contre l'Etat islamique
0%
1965 République Dominicaine Invasion du pays par les Etats-Unis
0%
Aucun quiz correspondant
Distribution des résultats
% des personnes avec chaque résultat
Percentile par nombre de réponses
Votre historique - résultats
Vous n’avez pas pris ce quiz depuis la dernière actualisation